01324nab a22002177a 4500003000400000005001700004008004100021040000700062100002400069245011500093260007300208300001100281500004400292505043300336505009000769650002000859650003400879650002600913650002700939773014000966OSt20250909100433.0190604e xxu||||| |||| 00| 0 spa d cPJ aLerussi, Gustavo D.13aImpacto de la Ley de Riesgos próxima a su trigésimo aniversario. Aspectos positivos /cGustavo D. Lerussi. aCiudad Autónoma de Buenos Aires :bThomson Reuters La Ley, c2025. ap. 5-8 aCita Online: TR LALEY AR/DOC/134/2025.  aSumario: I. Introducción.— II. Antecedentes históricos y contexto legislativo.— III. Modificaciones legislativas y su impacto.— IV. Contingencias no previstas: COVID-19 y otros desafíos.— V. Jurisprudencia actual relevante en materia de intereses.— VI. Balance del sistema: datos actuales y viabilidad.— VII. Conclusión: hacia un equilibrio entre justicia y viabilidad.— VIII. Referencias bibliográficas. t¿Te interesa el texto completo? Solicitalo al correo: koha@justierradelfuego.gov.ar  0aDERECHO LABORAL 0aLEY SOBRE RIESGOS DEL TRABAJO 0aACCIDENTES DE TRABAJO 0aENFERMEDAD PROFESIONAL0 02714dCiudad Autónoma de Buenos Aires : Thomson Reuters La Ley, 2014-tRevista anales de legislación argentina. Nº 4 - Abril 2025.